000 00638nam a2200217 a 4500
005 20240426063706.0
008 991125n 000 0 spa u
035 _aUPN01000086691
100 1 _aRomero Flores, Jesús,
_d1885-1987
_929429
222 _aEDUCACION :
_bREVISTA DEL CONSEJO NACIONAL TECNICO DE LA EDUCACION
245 _aEl magisterio y la revolución de 1910
260 _aMéxico
300 _a77-84
362 0 _a1980 4a época, vol. 6, no. 34, oct.-dic.
653 0 _aHISTORIA
653 0 _aMEXICO
653 0 _aMAESTROS
653 0 _aREVOLUCION MEXICANA, 1910-1917
904 _aAC
_b024502
905 _aArticulo
999 _c72367
_d72367